| 000 | 01490nam a2200241Ia 4500 | ||
|---|---|---|---|
| 999 |
_c36306 _d36306 |
||
| 001 | 2213 | ||
| 003 | GE_BSU | ||
| 005 | 20190515161806.0 | ||
| 008 | 181216s1982||||ge |||||||||||||| ||geo|| | ||
| 040 | _cGE_BSU | ||
| 041 | _ageo | ||
| 080 | _a327(479.22)(09)+341.7(479.22)(09)+94(479.22) ც–96 | ||
| 100 |
_aცქიტიშვილი, ზურაბ _91175 |
||
| 245 |
_aგარსევან ჭავჭავაძის სახელმწიფოებრივი მოღვაწეობა : _b(საქართველოს საგარეო პოლიტიკური ისტორიიდან XVIII საუკუნის უკანასკნელ მეოთხედში) / _cზურაბ ცქიტიშვილი; ივ. ჯავახიშვილის სახ. ისტორიის, არქეოლოგიისა და ეთნოგრაფიის ინ-ტი |
||
| 260 | _aთბილისი | ||
| 260 | _c1982 | ||
| 300 |
_a204 გვ.; _b21 სმ. |
||
| 600 |
_aჭავჭავაძე გ. _91176 |
||
| 653 | _aსაქართველოს დიპლომატები | ||
| 653 | _aსაქართველოს ისტორია -XVIII ს. | ||
| 710 |
_aივ. ჯავახიშვილის სახ. ისტორიის, არქეოლოგიისა და ეთნოგრაფიის ინ-ტი. _91177 |
||
| 942 |
_cBK _2udc |
||